[Event "EU-ch Amateur U2000"]
[Site "Zagreb"]
[Date "2022.08.20"]
[Round "8"]
[White "Vujic, Velibor"]
[Black "Horcicka, Jan"]
[Result "0-1"]
[WhiteElo "1778"]
[BlackElo "1769"]
[PlyCount "42"]
[EventDate "2022.08.14"]
[EventType "swiss"]
[EventRounds "9"]
[EventCountry "CRO"]
[SourceTitle "CBM 210 Extra"]
[Source "ChessBase"]
[SourceDate "2022.11.30"]
[SourceVersion "1"]
[SourceVersionDate "2022.11.30"]
[SourceQuality "1"]

1. d4 d5 2. c4 c6 3. Nc3 Nf6 4. Nf3 e6 5. Bg5 h6 6. Bh4 dxc4 7. e4 g5 8. Bg3 b5 9. Be5 Nbd7 10. Be2 Bb7 11. Qc2 Nxe5 12. Nxe5 Qxd4 13. Nxf7 Kxf7 14. Rd1 Qe5 15. f4 gxf4 16. g3 fxg3 17. hxg3 Qxg3+ 18. Kd2 Qg5+ 19. Ke1 Bc5 20. Rd7+ Nxd7 21. e5 Nxe5 0-1

[Event "EU-ch Amateur U2000"]
[Site "Zagreb"]
[Date "2022.08.16"]
[Round "3"]
[White "Klement, Dubravko"]
[Black "Horcicka, Jan"]
[Result "0-1"]
[WhiteElo "1879"]
[BlackElo "1769"]
[PlyCount "36"]
[EventDate "2022.08.14"]
[EventType "swiss"]
[EventRounds "9"]
[EventCountry "CRO"]
[SourceTitle "CBM 210 Extra"]
[Source "ChessBase"]
[SourceDate "2022.11.30"]
[SourceVersion "1"]
[SourceVersionDate "2022.11.30"]
[SourceQuality "1"]

1. d4 d5 2. Nf3 Nf6 3. Bf4 c5 4. e3 Nc6 5. Nbd2 Qb6 6. dxc5 Qxb2 7. Rb1 Qc3 8. Bb5 Qxc5 9. 0-0 Nh5 10. Be5 f6 11. Nh4 g6 12. Bc7 e5 13. Ba5 b6 14. Bb4 Qxb5 15. Bxf8 Qa4 16. Nb3 Be6 17. f4 Rxf8 18. fxe5 Qxh4 0-1

[Event "EU-ch Amateur U2000"]
[Site "Zagreb"]
[Date "2022.08.14"]
[Round "1"]
[White "Nagy, Laszlo3333"]
[Black "Horcicka, Jan"]
[Result "1-0"]
[WhiteElo "1923"]
[BlackElo "1769"]
[PlyCount "69"]
[EventDate "2022.08.14"]
[EventType "swiss"]
[EventRounds "9"]
[EventCountry "CRO"]
[SourceTitle "CBM 210 Extra"]
[Source "ChessBase"]
[SourceDate "2022.11.30"]
[SourceVersion "1"]
[SourceVersionDate "2022.11.30"]
[SourceQuality "1"]

1. Nf3 d5 2. g3 c6 3. Bg2 Bg4 4. d4 Nd7 5. b3 e6 6. Bb2 Ngf6 7. 0-0 Be7 8. Nbd2 0-0 9. Ne5 Nxe5 10. dxe5 Nd7 11. Nf3 Qc7 12. Re1 Bb4 13. c3 Bc5 14. b4 Be7 15. Qd4 Bxf3 16. exf3 c5 17. Qf4 f6 18. exf6 Qxf4 19. gxf4 Bxf6 20. Bh3 cxb4 21. Bxe6+ Kh8 22. Bxd7 bxc3 23. Ba3 Rfd8 24. Bf5 a5 25. Rab1 Rab8 26. Rb5 a4 27. Kf1 d4 28. Ke2 Re8+ 29. Kd1 Red8 30. Kc2 Bh4 31. Re2 g6 32. Bd3 Re8 33. Bd6 Rxe2+ 34. Bxe2 Re8 35. Be5+ 1-0

[Event "CRO-ch U15"]
[Site "Trogir"]
[Date "2022.06.25"]
[Round "6"]
[White "Mlinaric, Simun"]
[Black "Horcicka, Jan"]
[Result "0-1"]
[WhiteElo "1439"]
[BlackElo "1784"]
[PlyCount "46"]
[EventDate "2022.06.22"]
[EventType "swiss"]
[EventRounds "9"]
[EventCountry "CRO"]
[SourceTitle "CBM 209 Extra"]
[Source "ChessBase"]
[SourceDate "2022.09.30"]
[SourceVersion "1"]
[SourceVersionDate "2022.09.30"]
[SourceQuality "1"]

1. d4 d5 2. Nf3 Nf6 3. g3 c6 4. Bg2 Bf5 5. 0-0 e6 6. c4 Nbd7 7. Qb3 Qc8 8. c5 Be7 9. Nc3 0-0 10. Nh4 Bg4 11. h3 Bh5 12. Bf3 e5 13. e3 Bxf3 14. Nxf3 e4 15. Nh4 Nxc5 16. Qc2 Qxh3 17. dxc5 g5 18. Nf5 Qxf5 19. f3 Qh3 20. fxe4 Qxg3+ 21. Qg2 Nxe4 22. Nxe4 Qxg2+ 23. Kxg2 dxe4 0-1

[Event "CRO-ch U15"]
[Site "Trogir"]
[Date "2022.06.24"]
[Round "5"]
[White "Horcicka, Jan"]
[Black "Gal, Andrej"]
[Result "0-1"]
[WhiteElo "1784"]
[BlackElo "1883"]
[PlyCount "66"]
[EventDate "2022.06.22"]
[EventType "swiss"]
[EventRounds "9"]
[EventCountry "CRO"]
[SourceTitle "CBM 209 Extra"]
[Source "ChessBase"]
[SourceDate "2022.09.30"]
[SourceVersion "1"]
[SourceVersionDate "2022.09.30"]
[SourceQuality "1"]

1. e4 c5 2. Nf3 d6 3. d4 cxd4 4. Nxd4 Nf6 5. Nc3 Nc6 6. Bg5 e6 7. Qd2 Be7 8. 0-0-0 0-0 9. f3 Nxd4 10. Qxd4 a6 11. h4 b5 12. Kb1 Bb7 13. Qd2 Rc8 14. Bd3 Qc7 15. Ne2 Bc6 16. g4 a5 17. h5 b4 18. Bxf6 Bxf6 19. g5 Be7 20. g6 fxg6 21. h6 Bf6 22. Rdg1 d5 23. hxg7 Kxg7 24. exd5 Bxd5 25. Qe1 Qe5 26. c3 bxc3 27. bxc3 Qe3 28. Bc2 Rb8+ 29. Bb3 Bxb3 30. axb3 Rxb3+ 31. Kc2 Rfb8 32. Qh4 Qxe2+ 33. Kc1 Rxc3# 0-1

[Event "CRO-ch U15"]
[Site "Trogir"]
[Date "2021.06.19"]
[Round "2"]
[White "Sokec, Karlo"]
[Black "Horcicka, Jan"]
[Result "0-1"]
[WhiteElo "1425"]
[BlackElo "1838"]
[PlyCount "74"]
[EventDate "2021.06.18"]
[EventType "swiss"]
[EventRounds "9"]
[EventCountry "CRO"]
[SourceTitle "EXT 2022"]
[Source "ChessBase"]
[SourceDate "2021.10.06"]
[SourceVersion "1"]
[SourceVersionDate "2021.10.06"]
[SourceQuality "1"]

1. Nf3 d5 2. g3 c6 3. d4 Bg4 4. Bg2 Nd7 5. 0-0 e6 6. b3 Bd6 7. c4 Ne7 8. Nbd2 0-0 9. Bb2 f5 10. h3 Bh5 11. e3 Nf6 12. Qc2 Ne4 13. c5 Bc7 14. b4 Rf6 15. a4 Rh6 16. b5 Nxd2 17. Nxd2 cxb5 18. axb5 Be2 19. Rfe1 Bxb5 20. Nb3 Nc6 21. Bc3 Qe7 22. Bd2 Rg6 23. Na5 a6 24. Nxc6 bxc6 25. Ba5 Bxa5 26. Rxa5 Rf8 27. Bf1 Qh4 28. Bg2 Qg5 29. Qd2 h5 30. h4 Qd8 31. Bf3 Qxh4 32. Qd1 Rff6 33. Kg2 f4 34. exf4 Qxf4 35. Ra2 h4 36. Bh5 Rg5 37. g4 g6 0-1

[Event "CRO-chT U20 30th"]
[Site "Rabac"]
[Date "2021.04.11"]
[Round "11.3"]
[White "Dumancic, Simun"]
[Black "Horcicka, Jan"]
[Result "1/2-1/2"]
[WhiteElo "1883"]
[BlackElo "1698"]
[PlyCount "39"]
[EventDate "2021.04.06"]
[EventType "team-tourn"]
[EventRounds "11"]
[EventCountry "CRO"]
[SourceTitle "CBM 201 Extra"]
[Source "ChessBase"]
[SourceDate "2021.05.31"]
[SourceVersion "1"]
[SourceVersionDate "2021.05.31"]
[SourceQuality "1"]
[WhiteTeam "Sesvete Agroproteinka U20"]
[BlackTeam "Koprivnica U20"]
[WhiteTeamCountry "CRO"]
[BlackTeamCountry "CRO"]

1. e4 e5 2. Nf3 Nc6 3. Bc4 Bc5 4. c3 Nf6 5. d3 0-0 6. 0-0 d6 7. a4 a5 8. Na3 Ne7 9. Nc2 Ng6 10. d4 Ba7 11. Re1 Nxe4 12. Rxe4 d5 13. Re1 dxc4 14. Nxe5 Nxe5 15. Rxe5 c5 16. d5 Bb8 17. Re4 Bf5 18. Rxc4 Bxc2 19. Qxc2 Qxd5 20. Re4 1/2-1/2

[Event "CRO-chT U20 30th"]
[Site "Rabac"]
[Date "2021.04.06"]
[Round "2.3"]
[White "Mijic, Karlo"]
[Black "Horcicka, Jan"]
[Result "0-1"]
[WhiteElo "1599"]
[BlackElo "1698"]
[PlyCount "52"]
[EventDate "2021.04.06"]
[EventType "team-tourn"]
[EventRounds "11"]
[EventCountry "CRO"]
[SourceTitle "CBM 201 Extra"]
[Source "ChessBase"]
[SourceDate "2021.05.31"]
[SourceVersion "1"]
[SourceVersionDate "2021.05.31"]
[SourceQuality "1"]
[WhiteTeam "Zadar Casper U20"]
[BlackTeam "Koprivnica U20"]
[WhiteTeamCountry "CRO"]
[BlackTeamCountry "CRO"]

1. e4 e5 2. Nf3 Nc6 3. Bb5 a6 4. Bxc6 dxc6 5. 0-0 Bg4 6. h3 h5 7. d3 Qf6 8. Nbd2 g5 9. Nc4 Bxf3 10. Qxf3 Qxf3 11. gxf3 f6 12. Ne3 0-0-0 13. Kg2 Nh6 14. Rh1 Bc5 15. Kf1 Rhf8 16. h4 g4 17. f4 f5 18. exf5 Nxf5 19. Ng2 e4 20. Ke2 exd3+ 21. cxd3 Rfe8+ 22. Be3 g3 23. Rac1 gxf2 24. Rh3 Ba7 25. Rc3 Bxe3 26. Nxe3 Nxe3 0-1

[Event "CRO-chT U16 29th"]
[Site "Sesvete"]
[Date "2020.09.05"]
[Round "6.3"]
[White "Kos, Kristina"]
[Black "Horcicka, Jan"]
[Result "0-1"]
[WhiteElo "1600"]
[BlackElo "1504"]
[PlyCount "46"]
[EventDate "2020.06.20"]
[EventType "team-tourn"]
[EventRounds "9"]
[EventCountry "CRO"]
[SourceTitle "EXT 2021"]
[Source "ChessBase"]
[SourceDate "2020.10.23"]
[SourceVersion "1"]
[SourceVersionDate "2020.10.23"]
[SourceQuality "1"]
[WhiteTeam "Krizevci"]
[BlackTeam "Koprivnica"]
[WhiteTeamCountry "CRO"]
[BlackTeamCountry "CRO"]

1. e4 e5 2. Nf3 Nc6 3. Bc4 Bc5 4. 0-0 Nf6 5. d3 d6 6. h3 h6 7. Nc3 g5 8. Nd5 g4 9. g3 gxf3 10. Qxf3 Nxd5 11. Bxd5 Qe7 12. Qh5 Bd7 13. Bxh6 Qf6 14. Bxf7+ Qxf7 15. Qxf7+ Kxf7 16. Be3 Bxh3 17. Rfe1 Bg4 18. Kg2 Nd4 19. f3 Bxf3+ 20. Kf2 Rh2+ 21. Kg1 Rg2+ 22. Kh1 Rh8+ 23. Bh6 Rxh6# 0-1

[Event "CRO-ch U13"]
[Site "Trogir"]
[Date "2020.08.29"]
[Round "9"]
[White "Horcicka, Jan"]
[Black "Grgantov, Marin"]
[Result "1/2-1/2"]
[WhiteElo "1560"]
[BlackElo "1911"]
[PlyCount "31"]
[EventDate "2020.08.24"]
[EventType "swiss"]
[EventRounds "9"]
[EventCountry "CRO"]
[SourceTitle "CBM 198 Extra"]
[Source "ChessBase"]
[SourceDate "2020.11.30"]
[SourceVersion "1"]
[SourceVersionDate "2020.11.30"]
[SourceQuality "1"]

1. e4 d5 2. exd5 Nf6 3. Nf3 Qxd5 4. d4 Nc6 5. Be2 Bg4 6. h3 Qh5 7. 0-0 0-0-0 8. hxg4 Nxg4 9. Bf4 f5 10. c3 e5 11. Nxe5 Ncxe5 12. Bxe5 Bd6 13. Qd3 Bxe5 14. Qh3 Qxh3 15. gxh3 Nh2 16. Rd1 1/2-1/2

[Event "CRO-ch U13"]
[Site "Trogir"]
[Date "2020.08.28"]
[Round "8"]
[White "Milinkovic, Dominik"]
[Black "Horcicka, Jan"]
[Result "1/2-1/2"]
[WhiteElo "1626"]
[BlackElo "1560"]
[PlyCount "48"]
[EventDate "2020.08.24"]
[EventType "swiss"]
[EventRounds "9"]
[EventCountry "CRO"]
[SourceTitle "CBM 198 Extra"]
[Source "ChessBase"]
[SourceDate "2020.11.30"]
[SourceVersion "1"]
[SourceVersionDate "2020.11.30"]
[SourceQuality "1"]

1. e4 e5 2. Nf3 Nc6 3. d4 exd4 4. Nxd4 Bc5 5. Nb3 Bb6 6. Nc3 Nf6 7. Bg5 d6 8. Bd3 Be6 9. Qe2 0-0 10. 0-0-0 Re8 11. f3 a5 12. Bb5 Bxb3 13. axb3 Nd4 14. Rxd4 Bxd4 15. Bxe8 Qxe8 16. Qd3 Be5 17. Nb5 Bxb2+ 18. Kxb2 Qe5+ 19. Qd4 Qxb5 20. Bxf6 gxf6 21. f4 Ra6 22. Qxf6 a4 23. Qd8+ Kg7 24. f5 Qe5+ 1/2-1/2

[Event "CRO-chT U16 29th"]
[Site "Sesvete"]
[Date "2020.06.27"]
[Round "3.3"]
[White "Horcicka, Jan"]
[Black "Cvetkovic, Erik"]
[Result "1-0"]
[WhiteElo "1504"]
[BlackElo "1408"]
[PlyCount "59"]
[EventDate "2020.06.20"]
[EventType "team-tourn"]
[EventRounds "9"]
[EventCountry "CRO"]
[SourceTitle "EXT 2021"]
[Source "ChessBase"]
[SourceDate "2020.10.23"]
[SourceVersion "1"]
[SourceVersionDate "2020.10.23"]
[SourceQuality "1"]
[WhiteTeam "Koprivnica"]
[BlackTeam "Sveta Nedelja"]
[WhiteTeamCountry "CRO"]
[BlackTeamCountry "CRO"]

1. e4 c5 2. Nf3 a6 3. c3 d6 4. d4 Nd7 5. a4 Ngf6 6. Qc2 e6 7. Bg5 Be7 8. Bd3 Qc7 9. Nbd2 g6 10. 0-0 0-0 11. Rae1 Rb8 12. d5 e5 13. Nh4 Kg7 14. f4 b5 15. axb5 axb5 16. f5 c4 17. Be2 Ba6 18. Rf3 b4 19. Rg3 bxc3 20. bxc3 Rfc8 21. Ndf3 Qb6+ 22. Kh1 Qb2 23. Qd1 Nxe4 24. fxg6 Nf2+ 25. Kg1 Nxd1 26. Nf5+ Kg8 27. Nxe7+ Kg7 28. Bh6+ Kxh6 29. Nf5+ Kh5 30. Rg5# 1-0